| 000 | 00464nam a2200133Ia 4500 | ||
|---|---|---|---|
| 999 |
_c3299 _d3299 |
||
| 008 | 200103s 1998 ||||xx |||||||||||||| ||und|| | ||
| 020 | _a9280114603 | ||
| 082 |
_a341.7566 _bIMO |
||
| 110 | _aInternational Maritime Organization | ||
| 245 | 0 | _aTwentieth (20th) assembly resolutions and other decisions (resolutions 839-873) : Assembly, 17-27 November 1997 | |
| 260 |
_bInternational Maritime Organization _c1998 _aLondon |
||
| 300 | _avi,304p. | ||
| 942 | _cBK | ||